| 000 | 00751nam a2200277 4500 | ||
|---|---|---|---|
| 003 | MX-MxINE | ||
| 005 | 20260601171018.0 | ||
| 008 | 260508b\\\\\\\\||||||||\||||\00|\0\eng\d | ||
| 020 | _a7447080078 | ||
| 040 |
_aMX-MxINE _bspa _cMX-MxINE _erda |
||
| 041 | _aing | ||
| 050 |
_aNK1505 _bD47 |
||
| 100 |
_aBaur, Ruedi/ _eautor |
||
| 245 | _aDesiggnIssies/ | ||
| 250 | _a1999 edition. | ||
| 264 |
_aS.l. _bs.n. _c1999. |
||
| 300 | _a416 páginas | ||
| 336 |
_2rdacontent _atexto |
||
| 337 |
_2rdamedia _asin medio |
||
| 338 |
_2rdacarrier _avolumen |
||
| 502 | _aDatos bibliográficos incompletos. | ||
| 600 |
_aBaur, Ruedi _xExhibitions. |
||
| 650 |
_aGraphic design _zFrance. |
||
| 700 |
_aLars Müller Publishers. _934352 |
||
| 942 |
_2lcc _n1 _cB |
||
| 999 |
_c20793 _d20793 |
||